Python Programming (Record no. 12663)
[ view plain ]
| 000 -LEADER | |
|---|---|
| fixed length control field | 00426nam a22001817a 4500 |
| 003 - CONTROL NUMBER IDENTIFIER | |
| control field | OSt |
| 008 - FIXED-LENGTH DATA ELEMENTS--GENERAL INFORMATION | |
| fixed length control field | 240508b |||||||| |||| 00| 0 eng d |
| 020 ## - INTERNATIONAL STANDARD BOOK NUMBER | |
| International Standard Book Number | 9789386235633 |
| 082 ## - DEWEY DECIMAL CLASSIFICATION NUMBER | |
| Classification number | 005.133 SAP |
| 100 ## - MAIN ENTRY--PERSONAL NAME | |
| Personal name | SATYANARAYANA,CH |
| 245 ## - TITLE STATEMENT | |
| Title | Python Programming |
| 250 ## - EDITION STATEMENT | |
| Edition statement | 1st Ed |
| 260 ## - PUBLICATION, DISTRIBUTION, ETC. (IMPRINT) | |
| Place of publication, distribution, etc | New Delhi |
| Name of publisher, distributor, etc | University Press |
| Date of publication, distribution, etc | 2024 |
| 300 ## - PHYSICAL DESCRIPTION | |
| Extent | 366 |
| 700 ## - ADDED ENTRY--PERSONAL NAME | |
| Personal name | MAIN,M Radhika |
| 700 ## - ADDED ENTRY--PERSONAL NAME | |
| Personal name | JAGADESH,BN |
| 942 ## - ADDED ENTRY ELEMENTS (KOHA) | |
| Source of classification or shelving scheme | Dewey Decimal Classification |
| Koha item type | Text Books |
| Withdrawn status | Lost status | Source of classification or shelving scheme | Damaged status | Not for loan | Collection code | Home library | Current library | Date acquired | Source of acquisition | Currency | Cost, normal purchase price | Bill Number | Total Checkouts | Full call number | Acc. no. / Barcode | Date last seen | Actual Cost, discounted price | Bill Date | Koha item type |
|---|---|---|---|---|---|---|---|---|---|---|---|---|---|---|---|---|---|---|---|
| Dewey Decimal Classification | B.Tech(ECE) | PIET C-LIBRARY | PIET C-LIBRARY | 23/03/2024 | Zafaa Books and Distributors | In rupees | 660.00 | ZBD0462 | 005.133 SAP | 36653 | 08/05/2024 | 462.00 | 23/03/2024 | Reference Books | |||||
| Dewey Decimal Classification | B.Tech(ECE) | PIET C-LIBRARY | PIET C-LIBRARY | 23/03/2024 | Zafaa Books and Distributors | In rupees | 660.00 | ZBD0462 | 005.133 SAP | 36654 | 08/05/2024 | 462.00 | 23/03/2024 | Text Books | |||||
| Dewey Decimal Classification | B.Tech(ECE) | PIET C-LIBRARY | PIET C-LIBRARY | 23/03/2024 | Zafaa Books and Distributors | In rupees | 660.00 | ZBD0462 | 005.133 SAP | 36655 | 08/05/2024 | 462.00 | 23/03/2024 | Text Books | |||||
| Dewey Decimal Classification | B.Tech(ECE) | PIET C-LIBRARY | PIET C-LIBRARY | 23/03/2024 | Zafaa Books and Distributors | In rupees | 660.00 | ZBD0462 | 005.133 SAP | 36656 | 08/05/2024 | 462.00 | 23/03/2024 | Text Books | |||||
| Dewey Decimal Classification | B.Tech(ECE) | PIET C-LIBRARY | PIET C-LIBRARY | 23/03/2024 | Zafaa Books and Distributors | In rupees | 660.00 | ZBD0462 | 005.133 SAP | 36657 | 08/05/2024 | 462.00 | 23/03/2024 | Text Books |